000 00413nam a2200157Ia 4500
008 230312s9999||||xx |||||||||||||| ||und||
020 _a0-07-115296-2
082 _a621.3
_bGRO
100 _aGrob Bernard
245 0 _aGrob Basic Electronics
260 _bMcGraw Hill
_aNew York
_c1997
300 _a1010
546 _aEng.
650 _aEngineering
_vSurvey of Electronics , Electricity , Resistors
942 _cBK
999 _c1465
_d1465